[Event "34 R.G.Nezhmetdinov Cup"]
[Site "Êàçàíü, "]
[Date "2012.10.03"]
[Round "8.10"]
[White "Lintchevski, Daniil"]
[Black "Iskusnyh, Sergei"]
[Result "1-0"]
[WhiteElo "2554"]
[BlackElo "2486"]
[PlyCount "67"]
[EventDate "2012.??.??"]

1. c4 c5 2. Nf3 Nc6 3. Nc3 Nf6 4. e3 g6 5. d4 d6 6. d5 Na5 7. h3 Bg7 8. Bd3 O-O
9. O-O e5 10. Nd2 Nh5 11. Be2 f5 12. Bxh5 gxh5 13. Qxh5 e4 14. Ne2 a6 15. Rb1
b5 16. b3 Rb8 17. cxb5 axb5 18. Bb2 Be5 19. Rfc1 Qe7 20. Nf4 Bd7 21. Qh6 Nb7
22. b4 Ra8 23. bxc5 dxc5 24. Bxe5 Qxe5 25. Nc4 Qf6 26. Qxf6 Rxf6 27. Ne5 Be8
28. Ne6 Rc8 29. a4 Nd8 30. Nxd8 Rxd8 31. axb5 Rxd5 32. b6 Rxb6 33. Rxb6 Rxe5
34. Rb8 1-0

[Event "34 R.G.Nezhmetdinov Cup"]
[Site "Êàçàíü, "]
[Date "2012.10.03"]
[Round "8.11"]
[White "Gerasimov, Ivan"]
[Black "Sharafiev, Azat"]
[Result "0-1"]
[WhiteElo "2330"]
[BlackElo "2414"]
[PlyCount "132"]
[EventDate "2012.??.??"]

1. e4 c5 2. Nf3 d6 3. d4 cxd4 4. Nxd4 Nf6 5. Nc3 a6 6. Be2 Nbd7 7. O-O g6 8.
Kh1 Bg7 9. Bg5 Nc5 10. f3 O-O 11. Qd2 Re8 12. a4 Bd7 13. a5 Rc8 14. Ra3 Ne6 15.
Nxe6 Bxe6 16. Nd5 Nd7 17. c4 Ne5 18. Nb6 Nxc4 19. Bxc4 Rxc4 20. Nxc4 Bxc4 21.
Rc1 Bb5 22. Bh6 Bh8 23. f4 Bc6 24. Re1 Qc8 25. f5 Be5 26. Rf3 f6 27. fxg6 hxg6
28. Bf4 Bxf4 29. Qxf4 g5 30. Rg3 Kg7 31. h4 Rh8 32. e5 Kf8 33. Rxg5 dxe5 34.
Rexe5 Qh3+ 35. Kg1 Qxh4 36. Qxh4 Rxh4 37. Rh5 Rg4 38. Re2 Bf3 39. Rf2 Rxg2+ 40.
Rxg2 Bxh5 41. Rg3 Be8 42. Kf2 e5 43. Rh3 Kg7 44. Rb3 Bb5 45. Rc3 Bc6 46. b4 Kg6
47. Rd3 Kf7 48. Rd8 Ke7 49. Rh8 Ke6 50. Rh6 Kf5 51. Rh7 Ke4 52. Rc7 Bd5 53. b5
axb5 54. Rc5 b4 55. Rb5 b3 56. Rb6 f5 57. Ke2 Kd4 58. Kd2 e4 59. Rb4+ Ke5 60.
Ke3 f4+ 61. Kd2 Kd6 62. Rb6+ Kc5 63. Rf6 e3+ 64. Kc3 f3 65. Kd3 b2 66. Rb6 f2
0-1

[Event "34 R.G.Nezhmetdinov Cup"]
[Site "Êàçàíü, "]
[Date "2012.10.03"]
[Round "8.12"]
[White "Vlasenko, Miroslav"]
[Black "Yuzhakov, Oleg"]
[Result "0-1"]
[WhiteElo "2400"]
[BlackElo "2325"]
[PlyCount "102"]
[EventDate "2012.??.??"]

1. d4 d5 2. Nf3 Nf6 3. e3 c5 4. c3 Qb6 5. Nbd2 Bg4 6. h3 Bxf3 7. Nxf3 Nc6 8. a4
e6 9. a5 Qc7 10. a6 b6 11. Bb5 Bd6 12. Ne5 Bxe5 13. dxe5 Nd7 14. f4 O-O 15. e4
dxe4 16. Qa4 Rac8 17. Qxe4 Na5 18. Be3 c4 19. O-O Nc5 20. Qf3 Rcd8 21. Rad1 Qc8
22. Rxd8 Rxd8 23. Rd1 Rxd1+ 24. Qxd1 h6 25. Qd6 Nxa6 26. Qe7 Nc7 27. Bd7 Nd5
28. Bxc8 Nxe7 29. Bd7 Nd5 30. Kf2 Kf8 31. g4 Ke7 32. Bb5 g6 33. Kf3 Nc7 34. Ba4
Nb3 35. Bc6 Na5 36. Be4 Nd5 37. f5 gxf5 38. gxf5 Nxe3 39. f6+ Kd7 40. Kxe3 Nc6
41. Kf4 b5 42. Bf3 a5 43. Bh5 a4 44. Bxf7 b4 45. Bg6 bxc3 46. bxc3 a3 47. Bb1
Nb4 48. cxb4 c3 49. Ke3 c2 50. Bxc2 a2 51. Ba4+ Kd8 0-1

[Event "34 R.G.Nezhmetdinov Cup"]
[Site "Êàçàíü, "]
[Date "2012.10.03"]
[Round "8.13"]
[White "Demianjuk, Alexander"]
[Black "Isajevsky, Anton"]
[Result "1/2-1/2"]
[WhiteElo "2324"]
[BlackElo "2427"]
[PlyCount "80"]
[EventDate "2012.??.??"]

1. e4 d6 2. d4 Nf6 3. Nc3 e5 4. Nf3 Nbd7 5. Bc4 Be7 6. O-O O-O 7. Re1 c6 8. a4
b6 9. h3 Bb7 10. Ba2 a6 11. Be3 b5 12. axb5 axb5 13. b4 d5 14. exd5 Bxb4 15.
Bd2 Bxc3 16. Bxc3 e4 17. dxc6 Bxc6 18. Ne5 Nxe5 19. dxe5 Nd5 20. Bb2 Nb6 21. e6
fxe6 22. Qg4 Qe7 23. Bxg7 Qxg7 24. Qxe6+ Kh8 25. Qxc6 Nc4 26. Qxe4 Nd2 27. Qg4
Qc3 28. Qg3 Qb2 29. Rad1 Nf3+ 30. gxf3 Rxa2 31. Rb1 Qf6 32. Qe5 Rxc2 33. Qxf6+
Rxf6 34. Rxb5 Rxf3 35. Re7 Rcxf2 36. Rb8+ Rf8 37. Rxf8+ Rxf8 38. Kg2 Kg8 39.
Kg3 Rf7 40. Rxf7 Kxf7 1/2-1/2

[Event "34 R.G.Nezhmetdinov Cup"]
[Site "Êàçàíü, "]
[Date "2012.10.03"]
[Round "8.14"]
[White "Smirnov, Alexey"]
[Black "Faizrakhmanov, Ramil"]
[Result "0-1"]
[WhiteElo "2420"]
[BlackElo "2290"]
[PlyCount "92"]
[EventDate "2012.??.??"]

1. d4 Nf6 2. c4 e6 3. Nf3 Bb4+ 4. Bd2 c5 5. Bxb4 cxb4 6. a3 bxa3 7. Rxa3 O-O 8.
Nc3 d6 9. e4 Nc6 10. Be2 Re8 11. O-O e5 12. d5 Nb4 13. Nd2 a5 14. Nb5 b6 15.
Qb3 Ba6 16. Rc1 Nd7 17. Qe3 Nc5 18. Bg4 Qe7 19. g3 g6 20. h4 Rf8 21. Bh3 f5 22.
exf5 gxf5 23. Nd4 Bc8 24. Bg2 Qg7 25. Nc6 Nxc6 26. dxc6 Be6 27. Nf3 Kh8 28. Ng5
Bg8 29. Qd2 e4 30. Qxd6 Rad8 31. Qf4 Nd3 32. Rxd3 Rxd3 33. c5 b5 34. c7 Rd7 35.
Qxf5 Rxc7 36. Qxe4 Qxb2 37. Rc2 Qf6 38. Qe2 Bc4 39. Qd2 a4 40. Ne4 Qg7 41. h5
Rd7 42. Qc1 Bd3 43. h6 Qd4 44. c6 Bxc2 45. cxd7 Bxe4 46. Bxe4 Qxf2+ 0-1

[Event "34 R.G.Nezhmetdinov Cup"]
[Site "Êàçàíü, "]
[Date "2012.10.03"]
[Round "8.15"]
[White "Shaydullina, Sandugach"]
[Black "Arslanov, Shamil"]
[Result "0-1"]
[WhiteElo "2162"]
[BlackElo "2416"]
[PlyCount "118"]
[EventDate "2012.??.??"]

1. d4 Nf6 2. c4 g6 3. Nc3 d5 4. cxd5 Nxd5 5. Nf3 Bg7 6. g3 O-O 7. Bg2 Nb6 8.
O-O Nc6 9. d5 Bxc3 10. dxc6 Bg7 11. Qc2 bxc6 12. Rd1 Bf5 13. Qb3 Bd7 14. Be3
Qe8 15. Bd4 Bxd4 16. Rxd4 c5 17. Rh4 c4 18. Qe3 f6 19. Nd4 Rd8 20. Ne6 Bxe6 21.
Qxe6+ Qf7 22. Qc6 e5 23. a4 a5 24. Qc5 g5 25. Re4 Rd5 26. Qc6 Rfd8 27. h3 R8d6
28. Qb7 Rc5 29. Re3 Kg7 30. Qa7 Qd7 31. f4 gxf4 32. gxf4 exf4 33. Re4 Rd1+ 34.
Rxd1 Qxd1+ 35. Kh2 Qd6 36. Bf3 Re5 37. Rxe5 Qxe5 38. h4 Nxa4 39. Qg1+ Kf8 40.
Qd1 Nb6 41. Qd8+ Kg7 42. h5 h6 43. Qd1 a4 44. Qg1+ Qg5 45. Qd4 Qg3+ 46. Kh1
Qh3+ 47. Kg1 Qf5 48. Kh2 Qe5 49. Qg1+ Qg5 50. Qd4 Qg3+ 51. Kh1 Qh3+ 52. Kg1 Qe6
53. Qxf4 Qe5 54. Qd2 Qg5+ 55. Qxg5+ hxg5 56. Be4 c3 57. bxc3 a3 58. Bb1 Nd5 59.
Ba2 Nxc3 0-1

[Event "34 R.G.Nezhmetdinov Cup"]
[Site "Êàçàíü, "]
[Date "2012.10.03"]
[Round "8.16"]
[White "Ismailov, Mukhit"]
[Black "Makhmutov, Rail"]
[Result "1-0"]
[WhiteElo "2209"]
[BlackElo "2399"]
[PlyCount "77"]
[EventDate "2012.??.??"]

1. d4 Nf6 2. c4 e6 3. Nf3 b6 4. g3 Ba6 5. Qa4 Bb7 6. Bg2 c5 7. dxc5 bxc5 8. O-O
Be7 9. Nc3 O-O 10. Bf4 d6 11. Rad1 a6 12. Rd2 Qb6 13. Rfd1 Rd8 14. a3 Qc7 15.
h3 h6 16. g4 e5 17. Bg3 Nbd7 18. Qc2 Nb6 19. Nd5 Nbxd5 20. cxd5 Qb6 21. Nh4 Nh7
22. Nf5 Bf8 23. h4 Nf6 24. g5 hxg5 25. hxg5 Nh5 26. Bf3 Nxg3 27. Nxg3 g6 28.
Qe4 Bg7 29. Kg2 Rf8 30. Qh4 Qd8 31. Rh1 f5 32. Qh7+ Kf7 33. Rh6 Qxg5 34. Rxg6
Qxg6 35. Bh5 Qxh5 36. Nxh5 Rg8 37. Qxf5+ Bf6+ 38. Kf1 Rg6 39. Qe6+ 1-0

[Event "34 R.G.Nezhmetdinov Cup"]
[Site "Êàçàíü, "]
[Date "2012.10.03"]
[Round "8.17"]
[White "Sarana, Alexey"]
[Black "Ponfilenok, Vladimir"]
[Result "1-0"]
[WhiteElo "2118"]
[BlackElo "2392"]
[PlyCount "93"]
[EventDate "2012.??.??"]

1. e4 e6 2. d4 d5 3. Nc3 Bb4 4. e5 c5 5. a3 Bxc3+ 6. bxc3 Ne7 7. Qg4 O-O 8. Bd3
f5 9. exf6 Rxf6 10. Bg5 Rf7 11. Qh5 g6 12. Qd1 Nbc6 13. Nf3 Qf8 14. O-O c4 15.
Be2 h6 16. Bc1 Qg7 17. a4 Bd7 18. Ba3 g5 19. Bd6 Ng6 20. Re1 g4 21. Nd2 h5 22.
f3 e5 23. fxg4 hxg4 24. Nxc4 dxc4 25. Bxc4 exd4 26. Rb1 b6 27. Rf1 Nce5 28. Bd5
Bc6 29. Bxe5 Nxe5 30. Rxf7 Nxf7 31. Bxc6 Rc8 32. Bd5 Rxc3 33. Qe2 Re3 34. Qf2
Re7 35. Rf1 Qg6 36. Bxf7+ Rxf7 37. Qxf7+ Qxf7 38. Rxf7 Kxf7 39. Kf2 a5 40. Ke2
Ke6 41. h4 g3 42. Kd3 Kf5 43. Kxd4 Kg4 44. Ke4 Kxh4 45. Kf4 Kh5 46. c4 Kh4 47.
Kf3 1-0

[Event "34 R.G.Nezhmetdinov Cup"]
[Site "Êàçàíü, "]
[Date "2012.10.03"]
[Round "8.18"]
[White "Ayupov, Damir"]
[Black "Ivanov, Oleg"]
[Result "1-0"]
[WhiteElo "2362"]
[BlackElo "2177"]
[PlyCount "85"]
[EventDate "2012.??.??"]

1. e4 e5 2. Nf3 Nc6 3. d4 exd4 4. Nxd4 Bc5 5. Nb3 Bb6 6. Nc3 d6 7. Qe2 h6 8.
Be3 Nf6 9. O-O-O O-O 10. g4 Bxe3+ 11. Qxe3 Nxg4 12. Qg3 Kh8 13. Rg1 Rg8 14. f4
Qe7 15. Nd5 Qxe4 16. Bg2 Qc4 17. Bf1 Qe4 18. c4 Rb8 19. Re1 Qh7 20. Bd3 f5 21.
Qh4 h5 22. h3 Nh6 23. Nxc7 Bd7 24. Nd5 Rbe8 25. Qxh5 Rgf8 26. Nd2 Nf7 27. Qxh7+
Kxh7 28. Nf3 Kh6 29. Kd2 Rxe1 30. Rxe1 Nfd8 31. b4 Ne6 32. Kc3 g5 33. b5 Ncd8
34. fxg5+ Nxg5 35. Nd4 f4 36. h4 Nh3 37. Kd2 Kh5 38. Re7 Bc8 39. Rh7+ Kg4 40.
Be2+ Kg3 41. Rg7+ Kh2 42. Nf3+ Kh1 43. Bf1 1-0

[Event "34 R.G.Nezhmetdinov Cup"]
[Site "Êàçàíü, "]
[Date "2012.10.03"]
[Round "8.19"]
[White "Merkushev, Dmitry"]
[Black "Shurakov, Denis"]
[Result "0-1"]
[WhiteElo "2130"]
[BlackElo "2280"]
[PlyCount "84"]
[EventDate "2012.??.??"]

1. d4 Nf6 2. Bf4 g6 3. Nc3 d5 4. Qd2 Bg7 5. Bh6 Bxh6 6. Qxh6 Nc6 7. Qd2 Bf5 8.
e3 a6 9. f3 h5 10. Bd3 Bxd3 11. cxd3 e5 12. dxe5 Nxe5 13. Nce2 Qd7 14. f4 Nc6
15. Nf3 O-O 16. h3 Rfe8 17. Kf2 d4 18. Nexd4 Nxd4 19. exd4 c5 20. Rhe1 cxd4 21.
Rxe8+ Rxe8 22. Re1 Rxe1 23. Qxe1 Qb5 24. Qe2 Nd5 25. Nxd4 Qa4 26. Qe5 Qxa2 27.
Kg3 Qa5 28. b4 Qd8 29. h4 Nxb4 30. f5 Nxd3 31. Qe3 Qd6+ 32. Kf3 Ne5+ 33. Ke2
Nc6 34. Nxc6 Qxc6 35. g3 Qc2+ 36. Ke1 Qxf5 37. Qe8+ Kg7 38. Qb8 b5 39. Qa7 Qe5+
40. Kf2 Qf6+ 41. Kg2 Qc6+ 42. Kh3 Qh1# 0-1

[Event "34 R.G.Nezhmetdinov Cup"]
[Site "Êàçàíü, "]
[Date "2012.10.03"]
[Round "8.20"]
[White "Yeletsky, Ivan"]
[Black "Toropov, Pavel"]
[Result "1/2-1/2"]
[WhiteElo "2099"]
[BlackElo "2261"]
[PlyCount "71"]
[EventDate "2012.??.??"]

1. e4 d5 2. exd5 Nf6 3. Nf3 Qxd5 4. Nc3 Qd6 5. d4 c6 6. Bc4 Bg4 7. Be3 Nbd7 8.
Qe2 Qb4 9. Bb3 e6 10. h3 Bh5 11. O-O-O Bd6 12. g4 Bg6 13. Bd2 Qb6 14. h4 h5 15.
g5 Ng4 16. Ng1 c5 17. d5 c4 18. Bxc4 Qxf2 19. dxe6 Nde5 20. Ne4 Bxe4 21. Qxe4
Qc5 22. exf7+ Kf8 23. Bb3 Nf2 24. Qg2 Nxh1 25. Be1 Rd8 26. Qxh1 Be7 27. Rxd8+
Bxd8 28. Bd2 Nc4 29. Ne2 Nxd2 30. Kxd2 Bb6 31. Qxb7 Qd6+ 32. Bd5 g6 33. Qc8+
Bd8 34. Qb7 Bb6 35. Qc8+ Bd8 36. Qb7 1/2-1/2

[Event "34 R.G.Nezhmetdinov Cup"]
[Site "Êàçàíü, "]
[Date "2012.10.03"]
[Round "8.21"]
[White "Glukhov, Alexander"]
[Black "Sazonova, Anastasia"]
[Result "1-0"]
[WhiteElo "2150"]
[BlackElo "2067"]
[PlyCount "87"]
[EventDate "2012.??.??"]

1. e4 c5 2. Nf3 d6 3. d4 cxd4 4. Nxd4 Nf6 5. Nc3 Nc6 6. g3 e5 7. Nde2 Be7 8.
Bg2 O-O 9. O-O a6 10. a4 Qc7 11. h3 Be6 12. f4 b5 13. Nd5 Bxd5 14. exd5 Nb4 15.
c3 Nbxd5 16. Kh2 e4 17. g4 Nb6 18. g5 Nfd7 19. Bxe4 d5 20. Bc2 Nxa4 21. Qxd5
Ndc5 22. Nd4 Rad8 23. Qg2 g6 24. Nc6 Rd6 25. Ne5 Re6 26. Kh1 Qb7 27. Qxb7 Nxb7
28. Bxa4 bxa4 29. Rxa4 Bxg5 30. fxg5 Rxe5 31. Rxa6 Nd8 32. Bf4 Rb5 33. b4 Ne6
34. Bd6 Rc8 35. h4 Rd5 36. Be7 Rd3 37. Bf6 Rh3+ 38. Kg2 Rxh4 39. Rfa1 Rhc4 40.
b5 Nxg5 41. b6 Rg4+ 42. Kh2 Rh4+ 43. Kg3 Rh3+ 44. Kg2 1-0

[Event "34 R.G.Nezhmetdinov Cup"]
[Site "Êàçàíü, "]
[Date "2012.10.03"]
[Round "8.22"]
[White "Charochkina, Daria"]
[Black "Severina, Maria"]
[Result "1-0"]
[WhiteElo "2366"]
[BlackElo "2173"]
[PlyCount "77"]
[EventDate "2012.??.??"]

1. c4 e5 2. Nc3 d6 3. Nf3 f5 4. g3 Nf6 5. Bg2 Be7 6. d4 e4 7. Ng5 h6 8. Nh3 g5
9. f3 exf3 10. exf3 c5 11. d5 Nbd7 12. f4 g4 13. Nf2 Nf8 14. h3 Bd7 15. hxg4
Nxg4 16. Nxg4 fxg4 17. Qd3 Qc7 18. f5 O-O-O 19. Bf4 Kb8 20. O-O-O h5 21. Rh2
Be8 22. Ne4 Nh7 23. Qe3 b6 24. Re1 Rd7 25. Bf1 Qd8 26. Bd3 Bf7 27. Bc2 Rg8 28.
Ba4 Rc7 29. Qd3 Bg5 30. Nxg5 Nxg5 31. Re6 Bxe6 32. dxe6 Nf3 33. Qxd6 Qxd6 34.
Bxd6 Nxh2 35. f6 h4 36. f7 Rgc8 37. e7 hxg3 38. f8=Q Kb7 39. Bxc7 1-0

[Event "34 R.G.Nezhmetdinov Cup"]
[Site "Êàçàíü, "]
[Date "2012.10.03"]
[Round "8.23"]
[White "Nizamov, Bulat"]
[Black "Mirzanurov, Bulat"]
[Result "1-0"]
[WhiteElo "1901"]
[BlackElo "2208"]
[PlyCount "61"]
[EventDate "2012.??.??"]

1. d4 Nf6 2. c4 c5 3. d5 b5 4. cxb5 a6 5. bxa6 Bxa6 6. Nc3 d6 7. g3 g6 8. Bg2
Bg7 9. Nf3 O-O 10. O-O Nbd7 11. Re1 Qa5 12. Bd2 Rfb8 13. b3 c4 14. Na4 Qxd5 15.
Ng5 Qf5 16. Bxa8 Rxa8 17. e4 Nxe4 18. Nxe4 Bxa1 19. g4 Qd5 20. Qxa1 cxb3 21.
axb3 Ne5 22. Qd1 f5 23. gxf5 gxf5 24. Nb6 Qb7 25. Bc3 Qxb6 26. Qd5+ Kg7 27.
Qxa8 Bb7 28. Qb8 Qxb3 29. Bxe5+ dxe5 30. Qxe5+ Kg8 31. Qg3+ 1-0

[Event "34 R.G.Nezhmetdinov Cup"]
[Site "Êàçàíü, "]
[Date "2012.10.03"]
[Round "8.24"]
[White "Vafin, Ayrat"]
[Black "Murtazin, Bulat"]
[Result "0-1"]
[WhiteElo "2161"]
[BlackElo "2012"]
[PlyCount "134"]
[EventDate "2012.??.??"]

1. d4 Nf6 2. c4 e6 3. g3 Bb4+ 4. Bd2 Qe7 5. Bg2 O-O 6. e4 d5 7. e5 Ne4 8. Bxe4
dxe4 9. a3 Bxd2+ 10. Nxd2 b6 11. Nxe4 Bb7 12. Qe2 Nc6 13. O-O-O Na5 14. Nh3 c5
15. Kb1 cxd4 16. Rhe1 Nc6 17. f4 Rad8 18. Nhf2 a5 19. Qh5 Na7 20. Nd6 Nc6 21.
Ng4 f5 22. exf6 Qxd6 23. fxg7 Kxg7 24. Qh6+ Kh8 25. Rxe6 Qd7 26. h3 Rc8 27. Rd6
Qg7 28. Qh4 Ne7 29. Rd7 Be4+ 30. Ka1 Nf5 31. Rxg7 Nxh4 32. Re7 Bf3 33. Rd3 Nf5
34. Re6 Rc6 35. Re1 Bg2 36. Ne5 Rd6 37. g4 Ng7 38. f5 Kg8 39. Red1 Rfd8 40. Nf3
Bxh3 41. Rg1 h5 42. gxh5 Bxf5 43. Rd2 d3 44. b4 Rh6 45. Kb2 Rxh5 46. Kc3 Be4
47. Nd4 Re8 48. Nb5 Re6 49. Nc7 Re7 50. Rg4 axb4+ 51. axb4 Rhe5 52. Nb5 Bf5 53.
Rgg2 Re1 54. Nd6 Bh7 55. c5 bxc5 56. bxc5 Rc1+ 57. Kd4 Kh8 58. Kd5 Ne6 59. Nc8
Rc7 60. Kxe6 Rxc8 61. Ke5 R8xc5+ 62. Kf4 R5c2 63. Ke3 Rxd2 64. Rxd2 Rc2 65. Rd1
Re2+ 66. Kf3 Be4+ 67. Kf4 d2 0-1

[Event "34 R.G.Nezhmetdinov Cup"]
[Site "Êàçàíü, "]
[Date "2012.10.03"]
[Round "8.25"]
[White "Zlachevskiy, Leonid"]
[Black "Elistratov, Semen"]
[Result "0-1"]
[WhiteElo "2124"]
[BlackElo "2000"]
[PlyCount "79"]
[EventDate "2012.??.??"]

1. e4 c5 2. Nc3 a6 3. Nge2 b5 4. d4 cxd4 5. Nxd4 Bb7 6. Bd3 d6 7. O-O Nf6 8.
Bg5 e6 9. Kh1 Be7 10. f4 b4 11. Bxf6 Bxf6 12. Nce2 O-O 13. c3 bxc3 14. bxc3 Nd7
15. Ng3 Qa5 16. f5 Qxc3 17. Nge2 Qa3 18. Rb1 Nc5 19. Rf3 Qa5 20. fxe6 Bxe4 21.
Bxe4 Nxe4 22. exf7+ Rxf7 23. Qc2 d5 24. Qc6 Raf8 25. a4 Nd2 26. Nb3 Nxb3 27.
Rfxb3 d4 28. Ng1 Rd8 29. Rb6 d3 30. Rxa6 Qh5 31. Ra8 Rff8 32. Rxd8 Rxd8 33. Nf3
Qf7 34. Rb7 d2 35. Nxd2 Rxd2 36. h4 Rd1+ 37. Kh2 Be5+ 38. g3 Rd2+ 39. Kh3 Qf5+
40. g4 0-1

[Event "34 R.G.Nezhmetdinov Cup"]
[Site "Êàçàíü, "]
[Date "2012.10.03"]
[Round "8.26"]
[White "Shkuro, Alexandr"]
[Black "Jusupov, Tabris"]
[Result "1-0"]
[WhiteElo "2030"]
[BlackElo "1954"]
[PlyCount "53"]
[EventDate "2012.??.??"]

1. d4 Nf6 2. Nf3 d5 3. e3 e6 4. Be2 c5 5. O-O Nc6 6. Re1 cxd4 7. exd4 Bd6 8. c3
O-O 9. Bd3 b6 10. Bg5 Ne7 11. Ne5 Ng6 12. Nd2 Qc7 13. Ndf3 Nd7 14. Nxg6 hxg6
15. Bh4 Bb7 16. Bg3 Bxg3 17. fxg3 Rae8 18. Ne5 Nxe5 19. Rxe5 f6 20. Bxg6 fxe5
21. Qh5 Rf7 22. Qh7+ Kf8 23. Bxf7 Kxf7 24. Rf1+ Ke7 25. Qxg7+ Kd6 26. Rf7 Re7
27. dxe5+ 1-0

[Event "34 R.G.Nezhmetdinov Cup"]
[Site "Êàçàíü, "]
[Date "2012.10.03"]
[Round "8.27"]
[White "Malygin, Alexander"]
[Black "Rumiantseva, Ksenia"]
[Result "1-0"]
[WhiteElo "2200"]
[BlackElo "1913"]
[PlyCount "55"]
[EventDate "2012.??.??"]

1. e4 d5 2. exd5 Qxd5 3. Nf3 Nf6 4. d4 Bg4 5. Be2 e6 6. h3 Bh5 7. O-O Nc6 8. c4
Qd7 9. Be3 O-O-O 10. Nbd2 h6 11. a3 g5 12. b4 Bg7 13. b5 Ne7 14. Qa4 Kb8 15.
Rab1 Bg6 16. Ne5 Qc8 17. Rb4 Nd7 18. Nxd7+ Rxd7 19. d5 b6 20. dxe6 fxe6 21. Bf3
a5 22. bxa6 Ka7 23. c5 Nd5 24. cxb6+ Nxb6 25. Rc1 Qd8 26. Rxc7+ Rxc7 27. Bxb6+
Kb8 28. a7+ 1-0

[Event "34 R.G.Nezhmetdinov Cup"]
[Site "Êàçàíü, "]
[Date "2012.10.03"]
[Round "8.28"]
[White "Bakunin, Damir"]
[Black "Trapeznikova, Darya"]
[Result "0-1"]
[WhiteElo "2024"]
[BlackElo "2069"]
[PlyCount "102"]
[EventDate "2012.??.??"]

1. e4 e6 2. d4 d5 3. Nc3 Bb4 4. e5 Ne7 5. a3 Bxc3+ 6. bxc3 c5 7. a4 Qc7 8. Nf3
h6 9. Bd3 b6 10. O-O Ba6 11. Ba3 O-O 12. Bxa6 Nxa6 13. Qe2 Nb8 14. c4 Nd7 15.
cxd5 Nxd5 16. c4 Nf4 17. Qe3 Ng6 18. dxc5 bxc5 19. Bb2 Rab8 20. Bc3 Nb6 21. Ba5
Qc6 22. Bxb6 Rxb6 23. Rfb1 Rfb8 24. Rb5 a6 25. Rxb6 Rxb6 26. Qd3 Rb4 27. Qc2
Qc7 28. Qe4 Qb7 29. Qc2 Qd7 30. h4 Nxh4 31. Nxh4 Qd4 32. Rd1 Qxh4 33. g3 Rxc4
34. Rd8+ Qxd8 35. Qxc4 Qd1+ 36. Kh2 Qd4 37. Qxa6 c4 38. a5 Qxf2+ 39. Kh3 Qf5+
40. Kh2 Qc2+ 41. Kh3 c3 42. Qc8+ Kh7 43. a6 Qf5+ 44. Kg2 Qe4+ 45. Kh2 Qe2+ 46.
Kh3 c2 47. a7 Qf1+ 48. Kh2 c1=Q 49. Qxc1 Qxc1 50. a8=Q Qb2+ 51. Kh3 Qxe5 0-1

[Event "Êóáîê Ð.Ã.Íåæìåòäèíîâà - ýòàï Êóáêà Ðîñ"]
[Site "Êàçàíü, "]
[Date "2012.10.04"]
[Round "9.2"]
[White "Grigoriants, Sergey"]
[Black "Dvoirys, Semen I"]
[Result "1/2-1/2"]
[WhiteElo "2578"]
[BlackElo "2533"]
[PlyCount "111"]
[EventDate "2012.??.??"]

1. Nf3 c5 2. c4 Nc6 3. d4 cxd4 4. Nxd4 Qb6 5. Nb3 Nf6 6. Nc3 e6 7. a3 Ne5 8. e3
a6 9. Qd4 Qc7 10. e4 d6 11. Be3 Be7 12. Be2 O-O 13. Rc1 Bd7 14. h3 Rfc8 15. Nd2
b5 16. cxb5 axb5 17. O-O Qb7 18. Qb6 Qxb6 19. Bxb6 Rcb8 20. Be3 b4 21. axb4
Rxb4 22. b3 h6 23. Rfd1 Bc6 24. f4 Ng6 25. Rc2 d5 26. Na2 Rb7 27. Rxc6 Rxa2 28.
f5 exf5 29. exf5 Ne5 30. Ra6 Rc2 31. Bd4 Nc6 32. Bf2 Bb4 33. Nf3 Nb8 34. Ra7
Rxa7 35. Bxa7 Nc6 36. Bd3 Rb2 37. Bf2 Ne4 38. Bxe4 dxe4 39. Nd4 Bc5 40. Be3 Nb4
41. Rc1 Nd5 42. Rxc5 Nxe3 43. Re5 Rxg2+ 44. Kh1 Rg3 45. Rxe4 Rxh3+ 46. Kg1 h5
47. b4 Nd5 48. b5 Rd3 49. Nc6 Rb3 50. Re8+ Kh7 51. Nd8 Nf6 52. Rf8 Rxb5 53.
Rxf7 Rxf5 54. Ne6 Re5 55. Rxg7+ Kh6 56. Re7 1/2-1/2

[Event "Êóáîê Ð.Ã.Íåæìåòäèíîâà - ýòàï Êóáêà Ðîñ"]
[Site "Êàçàíü, "]
[Date "2012.10.04"]
[Round "9.3"]
[White "Volkov, Sergey"]
[Black "Goganov, Aleksey"]
[Result "0-1"]
[WhiteElo "2575"]
[BlackElo "2525"]
[PlyCount "104"]
[EventDate "2012.??.??"]

1. d4 Nf6 2. c4 g6 3. Nc3 Bg7 4. e4 d6 5. Be2 O-O 6. Nf3 e5 7. Be3 exd4 8. Nxd4
Re8 9. f3 c6 10. Bf2 d5 11. exd5 cxd5 12. O-O Nc6 13. c5 Re5 14. Qd3 Qf8 15.
Ncb5 Bd7 16. b4 a6 17. Nxc6 Bxc6 18. Nd4 Ba4 19. Bd1 Bxd1 20. Rfxd1 Nd7 21.
Rab1 Rae8 22. a4 Bh6 23. Qc3 Be3 24. c6 Bxf2+ 25. Kxf2 bxc6 26. Qxc6 Qe7 27. h3
Nf6 28. Qc5 Qd8 29. Qa5 Qe7 30. Qc5 Qd8 31. Qa5 Qb8 32. b5 Rg5 33. Qd2 Qg3+ 34.
Kf1 axb5 35. axb5 Nh5 36. Rb2 Rge5 37. f4 Nxf4 38. Qf2 Qc3 39. Rc2 Qb4 40. Qd2
Qd6 41. Rc6 Qe7 42. b6 Re4 43. Rc7 Qf6 44. Rc6 Qe7 45. Rc7 Qa3 46. Ra7 Qc5 47.
Ra2 Qxb6 48. Rb2 Qf6 49. Kg1 Qg5 50. Rf1 Nxh3+ 51. Kh2 Qe5+ 52. Kxh3 Qh5+ 0-1

[Event "Êóáîê Ð.Ã.Íåæìåòäèíîâà - ýòàï Êóáêà Ðîñ"]
[Site "Êàçàíü, "]
[Date "2012.10.04"]
[Round "9.4"]
[White "Burmakin, Vladimir"]
[Black "Yandemirov, Valeri"]
[Result "0-1"]
[WhiteElo "2596"]
[BlackElo "2398"]
[PlyCount "100"]
[EventDate "2012.??.??"]

1. d4 Nf6 2. Nf3 g6 3. Bf4 Bg7 4. e3 d6 5. c3 O-O 6. h3 b6 7. Be2 Bb7 8. O-O
Nbd7 9. a4 a5 10. Na3 Re8 11. Bh2 e5 12. Qb3 Qe7 13. Nb5 Rec8 14. Rfd1 Ne4 15.
Bc4 c6 16. Na3 exd4 17. cxd4 d5 18. Be2 Qb4 19. Qc2 c5 20. Qb1 c4 21. Nc2 Qe7
22. Nd2 Ndf6 23. Nf1 Bc6 24. f3 Nd6 25. b3 b5 26. axb5 Bxb5 27. bxc4 Bxc4 28.
Bxc4 Nxc4 29. Rd3 Nd7 30. Rb3 Ndb6 31. Ra2 Qe6 32. Bg3 Bf8 33. Be1 a4 34. Rb5
Qc6 35. Bf2 a3 36. Rb3 Na4 37. Be1 Nab2 38. Qc1 Qa4 39. Rc3 Rcb8 40. e4 Rb3 41.
Na1 Nd3 42. Qd1 Rb2 43. Qxd3 Rxa2 44. Nc2 Rxc2 45. Rxc2 a2 46. Bc3 Qb3 47. Qd1
a1=Q 48. Bxa1 Rxa1 49. Qxa1 Qxc2 50. exd5 Bd6 0-1

[Event "Êóáîê Ð.Ã.Íåæìåòäèíîâà - ýòàï Êóáêà Ðîñ"]
[Site "Êàçàíü, "]
[Date "2012.10.04"]
[Round "9.5"]
[White "Sharafiev, Azat"]
[Black "Vorobiov, Evgeny E"]
[Result "0-1"]
[WhiteElo "2414"]
[BlackElo "2594"]
[PlyCount "114"]
[EventDate "2012.??.??"]

1. e4 c5 2. Nf3 e6 3. d4 cxd4 4. Nxd4 Nc6 5. Nc3 Qc7 6. g3 a6 7. Bg2 d6 8. Nxc6
bxc6 9. O-O Nf6 10. b3 Be7 11. Ba3 Bb7 12. Re1 Nd7 13. Qd2 O-O 14. Rad1 c5 15.
Bb2 Rad8 16. Ne2 Ne5 17. Nf4 Rfe8 18. Nh5 Bf8 19. Qg5 Ng6 20. h4 e5 21. f4 f6
22. Qg4 Kh8 23. f5 Ne7 24. c4 Nc6 25. Qh3 Nd4 26. g4 Qf7 27. Ng3 a5 28. g5 a4
29. Rd3 axb3 30. axb3 Ra8 31. Qg4 Ra2 32. g6 Qe7 33. Bxd4 cxd4 34. gxh7 Rea8
35. h5 Bc8 36. Qh4 Qf7 37. Rf1 Be7 38. Qg4 Kxh7 39. Bf3 Bd7 40. Rf2 Rxf2 41.
Kxf2 Bd8 42. Kg2 Ra2+ 43. Kh3 Ba5 44. b4 Bd8 45. Bd1 Be8 46. Bb3 Rb2 47. c5
Rxb3 48. Qg6+ Kh8 49. Rxb3 Qg8 50. Ra3 Bxg6 51. fxg6 dxc5 52. bxc5 Be7 53. Ra7
Bxc5 54. Rc7 d3 55. Nf5 d2 56. h6 gxh6 57. Rd7 d1=Q 0-1

[Event "Êóáîê Ð.Ã.Íåæìåòäèíîâà - ýòàï Êóáêà Ðîñ"]
[Site "Êàçàíü, "]
[Date "2012.10.04"]
[Round "9.7"]
[White "Predke, Alexandr"]
[Black "Lintchevski, Daniil"]
[Result "1/2-1/2"]
[WhiteElo "2496"]
[BlackElo "2554"]
[PlyCount "82"]
[EventDate "2012.??.??"]

1. e4 c6 2. d4 d5 3. e5 Bf5 4. Nf3 e6 5. Be2 c5 6. Be3 Qb6 7. Nc3 Nc6 8. O-O
Qxb2 9. Qe1 cxd4 10. Bxd4 Nxd4 11. Nxd4 Bb4 12. Rb1 Bxc3 13. Rxb2 Bxe1 14. Rxe1
b6 15. Bb5+ Kf8 16. Nxf5 exf5 17. Rb3 Rc8 18. Ra3 a5 19. Bd3 Ne7 20. Rb3 Rc6
21. Reb1 Ng6 22. Rxb6 Rxb6 23. Rxb6 Ke7 24. Bxf5 Nxe5 25. f4 g6 26. fxe5 gxf5
27. Rd6 Rc8 28. Rxd5 a4 29. Rd4 Rxc2 30. Rxa4 Ke6 31. h3 Kxe5 32. Ra7 Kf6 33.
a4 Ra2 34. a5 f4 35. a6 h6 36. Kf1 Kg6 37. Ra8 Kf5 38. Ra7 f6 39. Rh7 Rxa6 40.
Rxh6 f3 41. Rh4 fxg2+ 1/2-1/2

[Event "Êóáîê Ð.Ã.Íåæìåòäèíîâà - ýòàï Êóáêà Ðîñ"]
[Site "Êàçàíü, "]
[Date "2012.10.04"]
[Round "9.8"]
[White "Onischuk, Vladimir"]
[Black "Loskutov, Oleg"]
[Result "1-0"]
[WhiteElo "2547"]
[BlackElo "2422"]
[PlyCount "57"]
[EventDate "2012.??.??"]

1. g3 Nf6 2. Bg2 g6 3. e4 d6 4. d4 Bg7 5. Nc3 O-O 6. Nge2 Nbd7 7. O-O c5 8. h3
Rb8 9. Bg5 b5 10. dxc5 dxc5 11. a3 Qc7 12. Qc1 a6 13. Nd5 Nxd5 14. exd5 Ne5 15.
Bf4 e6 16. dxe6 Bxe6 17. Re1 Rfe8 18. Nc3 b4 19. Ne4 b3 20. cxb3 Rbc8 21. Qc3
Bf5 22. Rad1 Qb6 23. Nd6 Nd3 24. Rxe8+ Rxe8 25. Qc4 Rf8 26. Rxd3 Bxd3 27. Qxd3
Rd8 28. Bd5 g5 29. Nxf7 1-0